00667 2200193 4500001002100000005001500021035002000036245012700056100002100183250002000204300005700224856002200281700006300303260004100366082000800407084001400415020002200429600002200451INLIS00000000114854120260603021047 a0010-06260000741 aPekerja Anak di Pannampu Makassar /cPenulis; Rokiah Mustaring, Editor; Rusdin Tompo, Desain Sampul dan Tata Letak; Nasrul0 aRokiah Mustaring aCetakan Pertama axiii, 116 halaman :bIlustrasi ;c14 x 21 cmeKertas aPerpustakaan Umum0 aEditor; Rusdin Tompo, Desain Sampul dan Tata Letak; Nasrul aMakassar :bRAYHAN INTERMEDIA,c2019 a374 a374 ROK p a978-602-6216-36-6 4aAktivitas Ekonomi